000
00345nam a2200157 4500
001
46013
090
_a
46013
100
_a
20260421 pory50
101
_a
por
102
_a
PT
200
_a
Amari e os Irmãos da Noite
_f
B.B. Alston
210
_a
Lisboa
_c
Planeta
_d
2021
215
_a
423 p.
675
_a
82-31
801
_a
PT
_g
RPC
990
_c
LIVROS